000 01419cam a2200133 4500500
005 20260322000424.0
041 _afre
042 _adc
100 1 0 _aCreton, Laurent
_eauthor
245 0 0 _aÉconomie du cinéma : Perspectives stratégiques
260 _bArmand Colin,
_c2020.
520 _aConfronté à l’emprise du système télé-audiovisuel, à l’offensive des plateformes et à la concurrence renouvelée de la production américaine, le cinéma français dispose de précieux atouts en termes de compétences, de créativité et de diversité. Il reste pourtant marqué par la vulnérabilité et doit redéfinir les conditions de son devenir. Structuré en cinq parties et dix chapitres, cet ouvrage de référence propose un cadre de réflexion, des repères et des outils pour étudier le jeu des acteurs en présence et analyser les enjeux, les options, les déploiements et les conditions de mise en œuvre de leurs stratégies. Actualisé à l’occasion de cette sixième édition, il permet de mieux comprendre le fonctionnement, la gestion et la dynamique de la filière cinématographique française, et de tracer ses principales perspectives économiques dans une période de mutation qui affecte tant les techniques et les usages que les conditions de création et de diffusion.
856 4 1 _uhttps://shs.cairn.info/economie-du-cinema--9782200628635?lang=fr&redirect-ssocas=7080
999 _c1706010
_d1706010